Osiedle Generałów (Olsztyn) - Ulice - Statystyki

Ogólne statystyki
  • Ten quiz został rozwiązany 23 razy
  • Średni wynik to 14 z 35
Statystyki odpowiedzi
Litera Ulica % Poprawnych
A Andersa
82%
B Bartąska
76%
S Sikorskiego
76%
W Wilczyńskiego
76%
B Bilitewskiego
65%
H Hallera
65%
K Kutrzeby
65%
P Płoskiego
65%
P Popiełuszki
65%
D Diamentowa
59%
K Kleeberga
59%
Z Złota
59%
B Bukowskiego
53%
M Maczka
53%
S Srebrna
53%
A Antonowicza
47%
R Rubinowa
47%
G Grota-Roweckiego
41%
S Sucharskiego
41%
S Szmaragdowa
41%
G Grafitowa
29%
S Sosnkowskiego
29%
L Lewandowskiego
24%
O Okulickiego
24%
P Pileckiego
24%
P Piwnika
24%
N Nefrytowa
12%
P Perłowa
12%
B Bratkowa
6%
B Brylantowa
6%
D Dorantta
6%
F Friszke
6%
L Langowskiej
0%
O Okęckiej-Bromkowej
0%
P Pimpickiego
0%
Nie znaleziono quizów pasujących do podanych kryteriów
Rozkład punktacji
Procent ludzi z każdym wynikiem
Percentyl według liczby udzielonych odpowiedzi
Twoja historia wyników
Nie rozwiązałeś tego quizu